|
|
|
|
| LEADER |
01132nam a2200241 a 4500 |
| 001 |
14515310 |
| 008 |
100209s2000 bg a b 000 0 eng d |
| 010 |
|
|
|a \\2006414753
|
| 040 |
|
|
|a DLC
|c DLC
|d DLC
|d BD-DhAAL
|
| 082 |
0 |
0 |
|a 304.6/0723
|2 210
|
| 245 |
0 |
0 |
|a Bangladesh demographic and health survey, 1996-97 :
|b special analysis.
|
| 260 |
|
|
|a Dhaka :
|b National Institute of Population Research and Training, Ministry of Health and Family Welfare ;
|a Calverton, Maryland, USA :
|b MEASURE/DHS+, ORC Macro International,
|c 2000.
|
| 300 |
|
|
|a v, 166 p. :
|b ill. ;
|c 28 cm.
|
| 504 |
|
|
|a Includes bibliographical references.
|
| 541 |
1 |
|
|e 00007579
|
| 650 |
|
0 |
|a Demographic surveys
|z Bangladesh.
|
| 650 |
|
0 |
|a Fertility, Human
|z Bangladesh.
|
| 650 |
|
0 |
|a Maternal health services
|z Bangladesh.
|
| 710 |
2 |
|
|a National Institute of Population Research and Training (Bangladesh)
|
| 710 |
2 |
|
|a ORC Macro.
|b MEASURE/DHS+ (Programme)
|
| 852 |
4 |
|
|a Ayesha Abed Library
|j General Shelf
|
| 999 |
|
|
|c 7436
|d 7436
|
| 952 |
|
|
|0 0
|1 0
|2 ddc
|4 0
|6 304_607230000000000_BAN_2000
|7 0
|9 7971
|a BRACUL
|b BRACUL
|c GEN
|d 2010-02-10
|l 0
|o 304.60723 BAN
|p 3010007579
|r 2010-02-10
|t 1
|w 2010-02-10
|y BK
|